University of Western Sydney law review

Bibliographic Details
Format: Unknown
Language:English
Published: Perrith South, Australia : University of Western Sydney
Subjects:
Online Access:Acceso restringido

MARC

LEADER 00000ny a22000003n 4500
005 20110512113628.0
008 090602c20059999at fr s 0 a0eng
022 |a 1446-9294 
035 |a 3214 
040 |d vLex 
090 |c 1757  |d 1757 
245 0 0 |a University of Western Sydney law review  |h [Recurso electrn̤ico] 
256 |a Servicio en ln̕ea 
260 |a Perrith South, Australia :  |b University of Western Sydney 
310 |a Semestral 
506 1 |a Contenido solo disponible en los productos indicados  |d vLex Global  |d vLex Global (Academic Edition, excluding Law Schools)  |d vLex Global (Academic Edition, Law Schools) 
650 0 4 |a Derecho  |x Publicaciones perid̤icas 
650 0 4 |a Universidades  |x Derecho  |z Australia 
650 0 4 |a Law 
740 0 |a vLex Revista (Servicios en ln̕ea) 
843 |a Electrn̤ica. Cerrada 
853 |8 1  |i (year)  |j (month)  |k (day) 
856 4 0 |u http://vlex.com/source/3214  |z Acceso restringido 
942 |c REV 
999 4 |a Revistes electrṇiques 
999 4 |a Dret- 
999 4 |a Dret-  |z Austrl̉ia-